Taylor Swift - Quiz niveau facile - Statistiques

Statistiques générales
  • Ce quiz a été pris 1 538 fois
    185 depuis la dernière actualisation
  • Le résultat moyen est 30 sur 43
Statistiques - réponses
Hint Réponse % Correct
Albums Taylor Swift
98%
Info pratiques 13
97%
Albums 1989
96%
Albums Red
95%
Albums Reputation
95%
Albums Evermore
92%
Albums Fearless
92%
Albums folklore
92%
Albums Lover
92%
Albums Midnights
90%
Albums Speak Now
90%
Info pratiques 13 décembre 1989
89%
Albums The Life of a Showgirl
89%
Albums The Tortured Poets Department
89%
Info pratiques Rouge ou violet
85%
Info pratiques Taylor Alison Swift
85%
Albums ré-enregistrés 1989 (Taylor's Version)
79%
Albums ré-enregistrés Red (Taylor's Version)
79%
Albums ré-enregistrés Speak Now (Taylor's Version)
77%
Albums ré-enregistrés Fearless (Taylor's Version)
76%
Info pratiques Sagittaire
75%
"Ennemi" Kanye West
74%
Ex les plus connus Harry Styles
73%
Proches Selena Gomez
73%
Chats Doctor Meredith Gray
70%
Proches Jack Antonoff
66%
Proches Marjorie
66%
Info pratiques Nashville
63%
Chats Detective Olivia Benson
56%
Ex les plus connus Joe Alwyn
56%
Info pratiques Pennsylvanie
56%
Proches Andrea
51%
Chats Benjamin Button
50%
Proches Austin
48%
Proches Scott
48%
Ex les plus connus Taylor Lautner
47%
Manager de son ancien label Scooter Braun
44%
Ex les plus connus Calvin Harris
42%
Ex les plus connus Joe Jonas
42%
Ex les plus connus Jake Gyllenhaal
30%
Ex les plus connus John Mayer
28%
Info pratiques Docteur
27%
Ex les plus connus Tom Hiddleston
27%
Aucun quiz correspondant
Distribution des résultats
% des personnes avec chaque résultat
Percentile par nombre de réponses
Votre historique - résultats
Vous n’avez pas pris ce quiz depuis la dernière actualisation